Matt Who? Quiz Stats

 Plays Quiz Updated May 1, 2019

Score 0/15 Timer 05:00
2 Plays Today
% Correct
Matt Damon
93.5%
Matt LeBlanc
93%
Matthew Broderick
89.9%
Matthew
McConaughey
88.3%
Matt Smith
87.2%
Matt Dillon
77.8%
Matt Bomer
72%
Matthew Morrison
70%
% Correct
Matthew Lillard
68.9%
Matthew Perry
68.8%
Matthew Gray Gubler
64.8%
Matthew Moy
60.1%
Matt Passmore
43.5%
Matt Long
38.9%
Matt Craven
26.4%

You're not logged in!

Compare scores with friends on all Sporcle quizzes.
OR
Log In

Sporcle TV

Today on Sporcle TV


Watch our educational content, quiz creation guides, and fun videos on Sporcle TV.

Show Comments

Extras

Top Quizzes Today


Score Distribution

Your Account Isn't Verified!

In order to create a playlist on Sporcle, you need to verify the email address you used during registration. Go to your Sporcle Settings to finish the process.

Report this User

Report this user for behavior that violates our Community Guidelines.

Details: